El sujeto de derecho digital : subjetividades tecnológicas y nuevos paradigmas normativos /
Salvato in:
| Autore principale: | |
|---|---|
| Natura: | Elettronico eBook |
| Lingua: | spagnolo portoghese |
| Pubblicazione: |
Bogotá, Colombia : València, España :
Editorial Universidad del Rosario ; Publicacions de la Universitat de València,
2025.
|
| Edizione: | Primera edición en español. |
| Soggetti: | |
| Accesso online: | Digitalia Hispánica |
| Tags: |
Aggiungi Tag
Nessun Tag, puoi essere il primo ad aggiungerne!!
|
MARC
| LEADER | 00000nam a2200000Ii 4500 | ||
|---|---|---|---|
| 001 | DIGUDROS0844 | ||
| 003 | NyNyDIG | ||
| 006 | m o d | ||
| 007 | cr ||||||||||| | ||
| 008 | 250816s2025 ck ob 000 0 spa d | ||
| 035 | |a (OCoLC)1522943977 | ||
| 040 | |a DGITA |b eng |e rda |e pn |c DGITA | ||
| 020 | |a 9789585004702 |q (pdf) | ||
| 020 | |a 9788411185776 |q (pdf) |q Universitat de València | ||
| 020 | |a 9789585004719 |q (ePub) | ||
| 020 | |a 9788411185769 |q (ePub) |q Universitat de València | ||
| 020 | |z 9788411185752 |q (impreso) |q Universitat de València | ||
| 020 | |z 9789585004696 |q (impreso) | ||
| 024 | 7 | |a 10.12804/urosario9789585004702 |2 doi | |
| 041 | 1 | |a spa |b spa |b eng |h por | |
| 050 | 1 | 4 | |a K487.T4 ebook |
| 100 | 1 | |a Pelt, Eder van, |e author, |e translator. | |
| 240 | 1 | 0 | |a Sujeito de direito digital. |l Spanish |s (Pelt) |
| 245 | 1 | 3 | |a El sujeto de derecho digital : |b subjetividades tecnológicas y nuevos paradigmas normativos / |c Eder van Pelt. |
| 250 | |a Primera edición en español. | ||
| 264 | 1 | |a Bogotá, Colombia : |b Editorial Universidad del Rosario ; |a València, España : |b Publicacions de la Universitat de València, |c 2025. | |
| 300 | |a 1 online resource. | ||
| 336 | |a text |b txt |2 rdacontent | ||
| 337 | |a computer |b c |2 rdamedia | ||
| 338 | |a online resource |b cr |2 rdacarrier | ||
| 347 | |a text file |2 rdaft | ||
| 347 | |b PDF | ||
| 504 | |a Includes bibliographical references. | ||
| 546 | |a Text in Spanish with abstract in Spanish and English. | ||
| 588 | 0 | |a Online resource; title from PDF title page (Digitalia, viewed August 16, 2025) | |
| 650 | 0 | |a Technology and law. | |
| 700 | 1 | |i Translation of: |a Pelt, Eder van. |t Sujeito de direito digital. | |
| 776 | 0 | 8 | |i Print version: |a Pelt, Eder van. |s Sujeito de direito digital. Spanish (Pelt). |t Sujeto de derecho digital. |b Primera edición en español. |d Bogotá, Colombia : Editorial Universidad del Rosario ; València, España : Publicacions de la Universitat de València, 2025 |z 9789585004696 |
| 791 | 2 | |a Digitalia (Firm), |e distributor. | |
| 793 | 0 | |g Digitalia eBook Collection: |a Universidad del Rosario | |
| 856 | 4 | 0 | |3 Digitalia Hispánica |u https://digitalia.unach.elogim.com/a/175633/ |
| 910 | |a Premium collection: 2025 | ||